000 00572nam a22001697a 4500
010 _aB-061172
020 _a8178330873
_c975.00
035 _aB-061172
037 _aCen Lib/Ret
040 _aDPL
_bEn
082 _a686
_bHAN
110 _bNational Institute of Industrial Research
_9112605
245 _aHandbok on printing technology
_boffset, gravure, flexo, screen
_cby National Institute of Industrial Research
260 _aNew Delhi
_bNational Institute of Industrial Research
300 _aviii, 644p
_b24cm(Pb)
942 _2ddc
_cEN
_h686
_mHAN
999 _c136163
_d136163